Catálogo
 En Linea

Economía de la empresa / (Registro nro. 22792)

Detalles MARC
000 -CABECERA
campo de control de longitud fija 00941nam a2200241 a 4500
001 - NÚMERO DE CONTROL
campo de control 000023295
005 - FECHA Y HORA DE LA ÚLTIMA TRANSACCIÓN
campo de control 20200930022123.0
008 - DATOS DE LONGITUD FIJA--INFORMACIÓN GENERAL
campo de control de longitud fija 101201s1969 mx a 000 0 spa d
040 ## - FUENTE DE LA CATALOGACIÓN
Centro catalogador/agencia de origen DO-SdBNP
Lengua de catalogación spa
Centro/agencia transcriptor BNPHU
041 17 - CÓDIGO DE LENGUA
Código de lengua del texto/banda sonora o título independiente spa
Código de lengua original eng
Fuente del código Código de idioma MARC
082 ## - NÚMERO DE LA CLASIFICACIÓN DECIMAL DEWEY
Número de clasificación 338.54
Número de documento/Ítem N333e
049 ## - FONDOS LOCALES (OCLC)
Fondos de biblioteca BNGR
100 1# - ENTRADA PRINCIPAL--NOMBRE DE PERSONA
Nombre de persona Naylon, Thomas H.
9 (RLIN) 47970
240 10 - TÍTULO UNIFORME
Título uniforme Microeconomics and decision models of the firm.
Lenguaje de la obra Español.
245 10 - MENCIÓN DE TÍTULO
Título Economía de la empresa /
Mención de responsabilidad, etc. Thomas H. Naylon, John M. Vernon ; traducción, Mauricio Kitaigorodzki.
260 ## - PUBLICACIÓN, DISTRIBUCIÓN, ETC.
Lugar de publicación, distribución, etc. México :
Nombre del editor, distribuidor, etc. Amorrortu editores,
Fecha de publicación, distribución, etc. 1969.
300 ## - DESCRIPCIÓN FÍSICA
Extensión 506 p. :
Otras características físicas il. ;
Dimensiones 23 cm.
504 ## - NOTA DE BIBLIOGRAFÍA, ETC.
Nota de bibliografía, etc. Incluye referencias bibliográficas y notas al pie de las páginas.
534 ## - NOTA SOBRE LA VERSIÓN ORIGINAL
Frase introductoria Título en inglés:
Mención de título del original Microeconomics and decision models of the firm
650 #4 - PUNTO DE ACCESO ADICIONAL DE MATERIA--TÉRMINO DE MATERIA
Término de materia o nombre geográfico como elemento de entrada Microeconomía
Subdivisión general Modelos matemáticos
9 (RLIN) 47971
700 1# - PUNTO DE ACCESO ADICIONAL--NOMBRE DE PERSONA
Nombre de persona Vernon, John M.
9 (RLIN) 47972
700 1# - PUNTO DE ACCESO ADICIONAL--NOMBRE DE PERSONA
Nombre de persona Kitaigorodzki, Mauricio,
Término indicativo de función/relación tr.
9 (RLIN) 47973
Existencias
Estado de retiro Estado de pérdida Restricciones de uso No para préstamo Código de colección Localización permanente Ubicación/localización actual Ubicación en estantería Fecha de adquisición Número de inventario Total de préstamos Signatura topográfica completa Código de barras Fecha visto por última vez Precio válido a partir de Tipo de ítem Koha
    Préstamo interno   Monografías: Libros y Folletos General General En catalogación 01.12.2010 LF1   338.54 N333e 23295-10 25.06.2020 25.06.2020 Préstamo interno

Con tecnología Koha